Thi công cọc khoan nhồi
Wedi'i Gadw mewn:
| Prif Awdur: | |
|---|---|
| Fformat: | Llyfr |
| Iaith: | Undetermined |
| Cyhoeddwyd: |
Hà Nội
Giao Thông Vận Tải
1999
|
| Pynciau: | |
| Tagiau: |
Ychwanegu Tag
Dim Tagiau, Byddwch y cyntaf i dagio'r cofnod hwn!
|
| Thư viện lưu trữ: | Trung tâm Học liệu Trường Đại học Cần Thơ |
|---|
| LEADER | 00576nam a2200193Ia 4500 | ||
|---|---|---|---|
| 001 | CTU_36450 | ||
| 008 | 210402s9999 xx 000 0 und d | ||
| 020 | |b 22.000đ | ||
| 082 | |a 624.154 | ||
| 082 | |b K250 | ||
| 100 | |a Nguyễn Bá Kế | ||
| 245 | 0 | |a Thi công cọc khoan nhồi | |
| 245 | 0 | |c Nguyễn Bá Kế | |
| 260 | |a Hà Nội | ||
| 260 | |b Giao Thông Vận Tải | ||
| 260 | |c 1999 | ||
| 650 | |a civil engineering,industrial constrution,pile foundations | ||
| 904 | |i Minh, 000504 | ||
| 980 | |a Trung tâm Học liệu Trường Đại học Cần Thơ | ||